The speaker's quote book : (Record no. 312)
[ view plain ]
| 000 -LEADER | |
|---|---|
| fixed length control field | 00930cam a2200277 a 4500 |
| 001 - CONTROL NUMBER | |
| control field | 4471935 |
| 003 - CONTROL NUMBER IDENTIFIER | |
| control field | OSt |
| 005 - DATE AND TIME OF LATEST TRANSACTION | |
| control field | 20140310181626.0 |
| 008 - FIXED-LENGTH DATA ELEMENTS--GENERAL INFORMATION | |
| fixed length control field | 960712r1997 miu 001 0 eng |
| 010 ## - LIBRARY OF CONGRESS CONTROL NUMBER | |
| LC control number | 96033123 |
| 020 ## - INTERNATIONAL STANDARD BOOK NUMBER | |
| International Standard Book Number | 082544098X (p) |
| 040 ## - CATALOGING SOURCE | |
| Original cataloging agency | DLC |
| Transcribing agency | DLC |
| Modifying agency | DLC |
| 050 00 - LIBRARY OF CONGRESS CALL NUMBER | |
| Classification number | PN 6084 |
| Item number | .Z94 1997 |
| 082 00 - DEWEY DECIMAL CLASSIFICATION NUMBER | |
| Classification number | REF 082 |
| Item number | Z1 1997 |
| 100 ## - MAIN ENTRY--PERSONAL NAME | |
| Personal name | Zuck, Roy B. |
| 245 04 - TITLE STATEMENT | |
| Title | The speaker's quote book : |
| Remainder of title | over 4,500 illustrations and quotations for all occasions / |
| Statement of responsibility, etc | [compiled by] Roy B. Zuck. |
| 246 3# - VARYING FORM OF TITLE | |
| Title proper/short title | Speaker's quotebook |
| 260 ## - PUBLICATION, DISTRIBUTION, ETC. (IMPRINT) | |
| Place of publication, distribution, etc | Grand Rapids, MI : |
| Name of publisher, distributor, etc | Kregel Publications, |
| Date of publication, distribution, etc | c1997. |
| 300 ## - PHYSICAL DESCRIPTION | |
| Extent | 438 p. ; |
| Dimensions | 23 cm. |
| 650 #0 - SUBJECT ADDED ENTRY--TOPICAL TERM | |
| Topical term or geographic name as entry element | Quotations. |
| 700 1# - ADDED ENTRY--PERSONAL NAME | |
| Personal name | Zuck, Roy B. |
| 906 ## - LOCAL DATA ELEMENT F, LDF (RLIN) | |
| a | 7 |
| b | cbc |
| c | orignew |
| d | 1 |
| e | ocip |
| f | 19 |
| g | y-gencatlg |
| 942 ## - ADDED ENTRY ELEMENTS (KOHA) | |
| Source of classification or shelving scheme | Library of Congress Classification |
| Koha item type | Books |
| Withdrawn status | Lost status | Source of classification or shelving scheme | Damaged status | Home library | Current library | Shelving location | Date acquired | Total Checkouts | Full call number | Barcode | Date last seen | Copy number | Price effective from | Koha item type |
|---|---|---|---|---|---|---|---|---|---|---|---|---|---|---|
| Library of Congress Classification | Luxembourg Library | Luxembourg Library | Reference Section | 02/07/2012 | PN 6084 .Z94 1997 | 8072 | 08/13/2013 | 1 | 10/03/2013 | Books |